Normal view
MARC view
- Association of Home Information Pack Providers
Entry Corporate Name
001 - CONTROL NUMBER
- control field: 5167
003 - CONTROL NUMBER IDENTIFIER
- control field: SIRSI
005 - DATE AND TIME OF LATEST TRANSACTION
- control field: 20190806150240.0
008 - FIXED-LENGTH DATA ELEMENTS
- fixed length control field: 070418n| acannaabn |n ana d
040 ## - CATALOGING SOURCE
- Original cataloging agency: OSt
- Transcribing agency: OSt
110 2# - HEADING--CORPORATE NAME
- Corporate name or jurisdiction name as entry element: Association of Home Information Pack Providers
670 ## - SOURCE DATA FOUND
- Source citation: Handling home information packs, 2007